[Event "World Open"]
[Site "Philadelphia"]
[Date "2011.07.01"]
[Round "2"]
[White "Lapshun, Yury"]
[Black "Tuhrim, Richard"]
[Result "1/2-1/2"]
[WhiteElo "2442"]
[BlackElo "2173"]
[PlyCount "239"]
[EventDate "2011.06.??"]
[EventType "swiss"]
[EventRounds "9"]
[EventCountry "USA"]
[Source "MonRoi"]

1. d4 d5 2. Nf3 Nf6 3. Bf4 c5 4. e3 Nc6 5. c3 Qb6 6. Qb3 c4 7. Qc2 Bf5 8. Qc1
h6 9. Nbd2 e6 10. Be2 Be7 11. b3 cxb3 12. axb3 Rc8 13. Qb2 O-O 14. O-O Nh5 15.
Bg3 Nxg3 16. hxg3 Bf6 17. Rfc1 e5 18. dxe5 Nxe5 19. Nxe5 Bxe5 20. Nf3 Bf6 21.
Nd4 Be6 22. b4 a6 23. Ra5 Qd6 24. Qd2 Rc7 25. b5 Qb6 26. Rca1 Rc5 27. R5a3 axb5
28. Rb1 Bd7 29. Rab3 Rfc8 30. Bxb5 Bxb5 31. Rxb5 Rxb5 32. Rxb5 Qa6 33. Qb2 Qa4
34. Rxd5 Qd1+ 35. Kh2 Ra8 36. Qb3 Qxb3 37. Nxb3 Ra2 38. f3 Rc2 39. Rb5 Rxc3 40.
e4 Rc7 41. Na5 b6 42. Rxb6 h5 43. Nc6 Be7 44. f4 g6 45. e5 Bc5 46. Ra6 Kg7 47.
e6 fxe6 48. Nd8 Rc8 49. Nxe6+ Kf7 50. Ng5+ Kg7 51. Nf3 Rd8 52. Re6 Bd4 53. Ng5
Rd7 54. Ne4 Kf7 55. Rc6 Kg7 56. Re6 Kf7 57. Ng5+ Kg7 58. Kh3 Bf6 59. Ne4 Re7
60. Rxe7+ Bxe7 61. g4 hxg4+ 62. Kxg4 Bb4 63. Kf3 Ba3 64. g4 Bc1 65. Nc3 Bb2 66.
Nd5 Kf7 67. Ke4 Ba1 68. Nb4 Bc3 69. Nd3 Kf6 70. g5+ Kg7 71. Kd5 Bd2 72. Ke6 Be3
73. Ke7 Bd2 74. Nc5 Bb4 75. Kd6 Ba3 76. Kd5 Kf7 77. Nd3 Be7 78. Ne5+ Kg7 79.
Nc6 Ba3 80. Nd8 Bc1 81. Ke5 Bb2+ 82. Ke6 Ba3 83. Kd7 Bc1 84. Ke8 Kg8 85. Ne6
Ba3 86. Nc7 Bd6 87. Nd5 Ba3 88. Ne7+ Kg7 89. Nc6 Bc1 90. Nd4 Kg8 91. Ne6 Ba3
92. Kd7 Kf7 93. Nd8+ Kg7 94. Ke6 Bc1 95. Ke5 Bb2+ 96. Kd5 Bc1 97. Ke4 Bb2 98.
Nc6 Ba3 99. Ne5 Bb2 100. Nc4 Bc3 101. Kd5 Be1 102. Ke5 Bc3+ 103. Ke6 Bd4 104.
Ke7 Bc3 105. Ke8 Bd4 106. Kd7 Bc3 107. Ke7 Bb4+ 108. Ke8 Bc3 109. Ne3 Bd2 110.
Nd5 Bc1 111. Nc7 Kg8 112. Ne6 Bd2 113. Ke7 Bc3 114. Nc7 Bd2 115. Nd5 Kg7 116.
Ke8 Bc1 117. Nc7 Kg8 118. Ne6 Ba3 119. Kd7 Kf7 120. Nd8+ 1/2-1/2

[Event "World Open"]
[Site "Philadelphia"]
[Date "2011.07.01"]
[Round "2"]
[White "Thaler, Michael"]
[Black "Tan, Mackinley"]
[Result "0-1"]
[WhiteElo "2244"]
[BlackElo "2064"]
[PlyCount "76"]
[EventDate "2011.06.??"]
[EventType "swiss"]
[EventRounds "9"]
[EventCountry "USA"]
[Source "MonRoi"]

1. e4 c5 2. Nf3 d6 3. c3 Nf6 4. Be2 g6 5. O-O Bg7 6. Bb5+ Bd7 7. Bxd7+ Qxd7 8.
Re1 O-O 9. d4 cxd4 10. cxd4 d5 11. e5 Ne8 12. Nc3 Nc7 13. b4 Ne6 14. Qb3 Rd8
15. a4 Nc6 16. Be3 Rac8 17. a5 b6 18. Rec1 bxa5 19. b5 Nxe5 20. Nxe5 Bxe5 21.
dxe5 d4 22. Bd2 dxc3 23. Bxc3 Qd3 24. Qc2 Nf4 25. Qxd3 Rxd3 26. Kf1 Rdxc3 27.
Rxc3 Rxc3 28. g3 Ne6 29. Rxa5 Rc7 30. Ke2 Nc5 31. f4 Kf8 32. Ra3 Ke8 33. Ke3
Kd8 34. Kd4 Kc8 35. Kd5 Ne6 36. Ke4 Kb7 37. f5 gxf5+ 38. Kxf5 Kb6 0-1

[Event "World Open"]
[Site "Philadelphia"]
[Date "2011.07.01"]
[Round "3"]
[White "Gelashvili, Tamaz"]
[Black "Bercys, Salvijus"]
[Result "0-1"]
[WhiteElo "2616"]
[BlackElo "2468"]
[PlyCount "130"]
[EventDate "2011.06.??"]
[EventType "swiss"]
[EventRounds "9"]
[EventCountry "USA"]
[Source "MonRoi"]

1. d4 d5 2. Nf3 c6 3. Bf4 Nf6 4. e3 Bf5 5. c4 e6 6. Nc3 Nbd7 7. Qb3 Qc8 8. Nh4
Be4 9. cxd5 Bxd5 10. Nxd5 Nxd5 11. Bg3 Bb4+ 12. Kd1 Be7 13. Nf3 O-O 14. Rc1 c5
15. Bd3 Nb4 16. Bb1 Rd8 17. a3 Nc6 18. Ke2 g6 19. Rhd1 a5 20. Rc4 Ra6 21. d5
exd5 22. Rxd5 b5 23. Rc1 Rb6 24. Rcd1 c4 25. Qc3 Nc5 26. Rxd8+ Bxd8 27. Bc2 Qa6
28. Nd2 Be7 29. Ke1 Bf8 30. a4 Bg7 31. axb5 Bxc3 32. bxa6 Rxb2 33. Bd6 Nxa6 34.
Rc1 Nab4 35. Kd1 Nd3 36. Rb1 Nxf2+ 37. Kc1 Nd3+ 38. Kd1 Ncb4 39. Bxb4 Rxb1+ 40.
Bxb1 Nb2+ 41. Kc2 axb4 42. Ba2 Bxd2 43. Kxb2 c3+ 44. Kc2 Bxe3 45. Kd3 Bc5 46.
Bb3 Bd6 47. h3 Kg7 48. Ke4 h5 49. Kd5 Be7 50. Ke5 Kh6 51. Kf4 Bd6+ 52. Ke3 f5
53. Bc2 Kg5 54. Kf3 Kf6 55. Bb3 Ke5 56. Ke3 g5 57. Bf7 Bc5+ 58. Kd3 h4 59. Be8
Kf4 60. Bd7 Be7 61. Kc2 g4 62. Kd3 Bf6 63. Be6 Bg7 64. Kc2 gxh3 65. gxh3 Ke4
0-1

[Event "World Open"]
[Site "Philadelphia"]
[Date "2011.07.01"]
[Round "3"]
[White "Bluvshtein, Mark"]
[Black "Hungaski, Robert"]
[Result "1/2-1/2"]
[WhiteElo "2611"]
[BlackElo "2464"]
[PlyCount "107"]
[EventDate "2011.06.??"]
[EventType "swiss"]
[EventRounds "9"]
[EventCountry "USA"]
[Source "MonRoi"]

1. d4 d5 2. c4 c6 3. e3 Nf6 4. Nc3 e6 5. Nf3 Nbd7 6. Qc2 Bd6 7. g4 h6 8. h3 b5
9. cxb5 c5 10. Rg1 Bb7 11. Bd2 Rc8 12. Bd3 cxd4 13. Nxd4 Ne5 14. O-O-O Ne4 15.
Be1 Nxd3+ 16. Qxd3 Bb4 17. Nde2 O-O 18. Kb1 Qb6 19. f3 Ng5 20. Rg3 e5 21. f4 d4
22. fxg5 dxc3 23. Nxc3 Rfd8 24. Qe2 Rxd1+ 25. Qxd1 hxg5 26. Ka1 a6 27. bxa6
Qxa6 28. Rg1 Ra8 29. Qb3 Bc5 30. Bd2 Bc6 31. Rc1 Rd8 32. Qc2 Bb4 33. e4 Ra8 34.
Qb3 Bxc3 35. Bxc3 Bd7 36. a3 Be6 37. Qb4 Rc8 38. Bd2 Rxc1+ 39. Bxc1 Qc6 40. Qc3
Qxe4 41. Bxg5 f6 42. Bd2 Qh1+ 43. Bc1 Qd5 44. Kb1 Qe4+ 45. Ka1 Qd5 46. Kb1 g5
47. Bd2 Qa2+ 48. Kc1 Bf7 49. b4 Bg6 50. Be1 Qb1+ 51. Kd2 Qa2+ 52. Kc1 Qb1+ 53.
Kd2 Qa2+ 54. Kc1 1/2-1/2

[Event "World Open"]
[Site "Philadelphia"]
[Date "2011.07.01"]
[Round "3"]
[White "Wang, Puchen"]
[Black "Gareev, Timur"]
[Result "1/2-1/2"]
[WhiteElo "2437"]
[BlackElo "2613"]
[PlyCount "53"]
[EventDate "2011.06.??"]
[EventType "swiss"]
[EventRounds "9"]
[EventCountry "USA"]
[Source "MonRoi"]

1. d4 Nf6 2. Nf3 c5 3. c4 cxd4 4. Nxd4 e5 5. Nb5 d5 6. cxd5 Bc5 7. e3 O-O 8.
N5c3 Bf5 9. Be2 Re8 10. a3 Bg6 11. b4 Bf8 12. Bb2 a5 13. O-O axb4 14. axb4 Rxa1
15. Bxa1 Bxb4 16. Qb3 Qa5 17. Nd2 Bxc3 18. Nc4 Qxd5 19. Qxc3 Nc6 20. Rd1 Qe6
21. f3 Qe7 22. Bb2 Qc5 23. Nd6 Qxc3 24. Bxc3 Re7 25. Bb5 h5 26. Nxb7 Nd4 27.
exd4 1/2-1/2

[Event "World Open"]
[Site "Philadelphia"]
[Date "2011.07.01"]
[Round "3"]
[White "Holt, Conrad"]
[Black "Shabalov, Alexander"]
[Result "1-0"]
[WhiteElo "2417"]
[BlackElo "2586"]
[PlyCount "47"]
[EventDate "2011.06.??"]
[EventType "swiss"]
[EventRounds "9"]
[EventCountry "USA"]
[Source "MonRoi"]

1. d4 Nf6 2. c4 g6 3. Nc3 Bg7 4. e4 d6 5. Nf3 O-O 6. h3 Na6 7. Bg5 Qe8 8. g4 e5
9. d5 Nd7 10. Rg1 Kh8 11. Be2 Ndc5 12. a3 f5 13. gxf5 gxf5 14. exf5 Bxf5 15.
Nh4 Qd7 16. Nxf5 Qxf5 17. Be3 Bf6 18. Kd2 Rg8 19. Qc2 e4 20. b4 Nd3 21. Bxd3
Rxg1 22. Rxg1 exd3 23. Qxd3 Qxh3 24. Ne4 1-0

[Event "World Open"]
[Site "Philadelphia"]
[Date "2011.07.01"]
[Round "3"]
[White "Bartell, Thomas"]
[Black "Yang, Darwin"]
[Result "1/2-1/2"]
[WhiteElo "2352"]
[BlackElo "2434"]
[PlyCount "51"]
[EventDate "2011.06.??"]
[EventType "swiss"]
[EventRounds "9"]
[EventCountry "USA"]
[Source "MonRoi"]

1. c4 c5 2. Nc3 Nc6 3. g3 g6 4. Bg2 Bg7 5. Nf3 e5 6. O-O Nge7 7. d3 d6 8. Rb1
O-O 9. a3 a5 10. Ne1 Be6 11. Bg5 f6 12. Be3 Rb8 13. Nc2 Nd4 14. b4 b6 15. Bd2
axb4 16. axb4 d5 17. cxd5 Nxd5 18. Nxd5 Bxd5 19. Bxd5+ Qxd5 20. e4 Qe6 21. Nxd4
cxd4 22. f4 f5 23. exf5 Rxf5 24. fxe5 Rbf8 25. Rxf5 Rxf5 26. Qb3 1/2-1/2

[Event "World Open"]
[Site "Philadelphia"]
[Date "2011.07.01"]
[Round "3"]
[White "Molner, Mackenzie"]
[Black "Aaron, Deepak"]
[Result "1-0"]
[WhiteElo "2464"]
[BlackElo "2288"]
[PlyCount "131"]
[EventDate "2011.06.??"]
[EventType "swiss"]
[EventRounds "9"]
[EventCountry "USA"]
[Source "MonRoi"]

1. e4 e5 2. Nf3 Nc6 3. Bc4 Bc5 4. b4 Bb6 5. a4 a6 6. Nc3 Nf6 7. O-O O-O 8. Nd5
d6 9. Nxb6 cxb6 10. d3 Nxb4 11. Rb1 Nc6 12. Be3 Bg4 13. Rxb6 d5 14. exd5 Nxd5
15. Rxb7 Nc3 16. Qd2 Bxf3 17. gxf3 Nd4 18. Bxd4 Qxd4 19. Re1 Nxa4 20. Rb4 Qd7
21. Rxe5 Qd6 22. Rd5 Qc6 23. Qe3 Rae8 24. Re5 Rxe5 25. Qxe5 Nb6 26. Bb3 Nd7 27.
Qe4 Qf6 28. Qd5 Ne5 29. f4 Qg6+ 30. Kf1 Ng4 31. h3 Nh6 32. Rb7 Qf6 33. Qe5 Qc6
34. Rb8 g6 35. Rxf8+ Kxf8 36. Qh8+ Ke7 37. Qe5+ Kf8 38. Ke2 Nf5 39. Qh8+ Ke7
40. Qe5+ Kf8 41. c3 Qg2 42. Qh8+ Ke7 43. Qe5+ Kf8 44. Qb8+ Kg7 45. Qa7 Qxh3 46.
Qxf7+ Kh6 47. Qf8+ Ng7 48. Bd5 Qf5 49. Qd6 Nh5 50. Ke3 Qh3+ 51. Bf3 Ng7 52. Qe5
Qe6 53. Qxe6 Nxe6 54. d4 a5 55. Bd1 Kg7 56. d5 Nd8 57. Kd4 Kf6 58. c4 h5 59. c5
Ke7 60. Kc4 h4 61. d6+ Kd7 62. Kd5 Kc8 63. Bg4+ Kb7 64. Bd7 h3 65. Bxh3 Nc6 66.
Bc8+ 1-0

[Event "World Open"]
[Site "Philadelphia"]
[Date "2011.07.01"]
[Round "3"]
[White "Getz, Alec"]
[Black "Gokhale, Chandrashekhar"]
[Result "1-0"]
[WhiteElo "2292"]
[BlackElo "2268"]
[PlyCount "95"]
[EventDate "2011.06.??"]
[EventType "swiss"]
[EventRounds "9"]
[EventCountry "USA"]
[Source "MonRoi"]

1. Nf3 d6 2. d4 Nd7 3. e4 e5 4. Bc4 c6 5. O-O Be7 6. Re1 Ngf6 7. Bb3 O-O 8. c4
b6 9. Nc3 Qc7 10. Bc2 Re8 11. b3 Nf8 12. d5 Ng6 13. dxc6 Qxc6 14. Nd5 Nxd5 15.
exd5 Qc7 16. Ng5 Bxg5 17. Bxg5 Bd7 18. a4 a6 19. Bd2 f5 20. Rc1 a5 21. f3 f4
22. Be4 Qc5+ 23. Kh1 Nh4 24. Qc2 g6 25. Bc3 Nf5 26. Qd3 Rac8 27. Re2 Kf7 28.
Rg1 h5 29. g3 fxg3 30. hxg3 Rh8 31. Kh2 Rcg8 32. Be1 Qd4 33. Bf2 Qxd3 34. Bxd3
Rb8 35. Rge1 Ne7 36. f4 Bg4 37. Re3 Nf5 38. fxe5 Nxe3 39. e6+ Ke7 40. Bxe3 Bf5
41. Bxf5 gxf5 42. Bg5+ Ke8 43. Rf1 Rf8 44. Bh6 Rf6 45. Bf4 Rb7 46. Bxd6 Rh7 47.
Rf4 h4 48. g4 1-0

[Event "World Open"]
[Site "Philadelphia"]
[Date "2011.07.01"]
[Round "3"]
[White "Rasch, Holger"]
[Black "Mulyar, Michael"]
[Result "0-1"]
[WhiteElo "2287"]
[BlackElo "2399"]
[PlyCount "60"]
[EventDate "2011.06.??"]
[EventType "swiss"]
[EventRounds "9"]
[EventCountry "USA"]
[Source "MonRoi"]

1. e4 e5 2. Nf3 Nc6 3. d4 exd4 4. Nxd4 Bc5 5. Be3 Qf6 6. c3 Nge7 7. Qd2 a6 8.
f4 Bxd4 9. cxd4 d5 10. e5 Qg6 11. Nc3 Bf5 12. Be2 Qxg2 13. O-O-O O-O-O 14. Rdg1
Qh3 15. Na4 Qh6 16. b4 Na7 17. Kb2 Be4 18. Nc5 Bxh1 19. Rxh1 Nf5 20. Rc1 Nxe3
21. Qxe3 Kb8 22. e6 fxe6 23. Bxa6 e5 24. Bxb7 Qxf4 25. Qa3 Rd6 26. Rc3 exd4 27.
Qxa7+ Kxa7 28. Ra3+ Kb6 29. Ra6+ Kb5 30. a4+ Kc4 0-1

[Event "World Open"]
[Site "Philadelphia"]
[Date "2011.07.01"]
[Round "3"]
[White "Homa, Seth"]
[Black "Sarkar, Justin"]
[Result "0-1"]
[WhiteElo "2275"]
[BlackElo "2385"]
[PlyCount "142"]
[EventDate "2011.06.??"]
[EventType "swiss"]
[EventRounds "9"]
[EventCountry "USA"]
[Source "MonRoi"]

1. e4 c6 2. d4 d5 3. Nc3 dxe4 4. Nxe4 Bf5 5. Ng3 Bg6 6. h4 h6 7. Nf3 Nd7 8. h5
Bh7 9. Bd3 Bxd3 10. Qxd3 e6 11. Bf4 Qa5+ 12. Bd2 Bb4 13. c3 Be7 14. c4 Qc7 15.
O-O Ngf6 16. Rfe1 O-O 17. Nf5 Rfe8 18. Nxe7+ Rxe7 19. Ne5 Nxh5 20. Qf3 Nhf6 21.
Qg3 Kh7 22. Qd3+ Kh8 23. Bf4 Qd8 24. Qh3 Nxe5 25. dxe5 Nh7 26. Red1 Rd7 27. Qf3
Nf8 28. Rxd7 Qxd7 29. Rd1 Qe7 30. Rd6 Ng6 31. Bg3 Kg8 32. Qb3 Kf8 33. Qa3 Ke8
34. Qc5 Qc7 35. b4 Qb6 36. f4 Qxc5+ 37. bxc5 Rd8 38. Kf1 Rd7 39. Ke2 Ne7 40.
Bf2 h5 41. Kf3 Nf5 42. Rxd7 Kxd7 43. a4 Ke7 44. Ke4 f6 45. exf6+ gxf6 46. Be1
Kf7 47. Bf2 Kg6 48. Be1 Nh6 49. Bh4 Nf7 50. Be1 e5 51. Bc3 exf4 52. Kxf4 Ng5
53. Bb4 Ne6+ 54. Ke4 Kg5 55. Bd2+ Kg4 56. Be3 h4 57. Bf2 Nf4 58. Bxh4 f5+ 59.
Ke5 Nd3+ 60. Kd4 Kxh4 61. Kxd3 Kg3 62. Kd4 Kxg2 63. Ke5 a5 64. Kxf5 Kf3 65. Ke5
Ke3 66. Kd6 Kd4 67. Kc7 Kxc4 68. Kb6 Kb4 69. Kxb7 Kxc5 70. Kc7 Kb4 71. Kxc6
Kxa4 0-1

[Event "World Open"]
[Site "Philadelphia"]
[Date "2011.07.01"]
[Round "3"]
[White "Leve, Nitai"]
[Black "Young, Gregory"]
[Result "0-1"]
[WhiteElo "2131"]
[BlackElo "2327"]
[PlyCount "102"]
[EventDate "2011.06.??"]
[EventType "swiss"]
[EventRounds "9"]
[EventCountry "USA"]
[Source "MonRoi"]

1. e4 c5 2. Nf3 Nc6 3. d4 cxd4 4. Nxd4 g6 5. Nc3 Bg7 6. Be3 Nf6 7. Be2 O-O 8.
f4 d6 9. Nb3 Be6 10. g4 d5 11. e5 Ne4 12. Bd3 Nxc3 13. bxc3 Qc7 14. Bd4 f6 15.
Nc5 Bc8 16. exf6 Bxf6 17. Bxf6 Rxf6 18. Qf3 Qxf4 19. Qxf4 Rxf4 20. h3 b6 21.
Nb3 Bb7 22. O-O-O a6 23. Rhe1 e5 24. Bf1 Rd8 25. Bg2 e4 26. Nd4 Nxd4 27. Rxd4
Rc8 28. Kb2 Rf2 29. Bf1 Rcf8 30. Be2 b5 31. a4 Bc6 32. axb5 axb5 33. g5 Kf7 34.
Rb4 Rb8 35. c4 dxc4 36. Bxc4+ Kg7 37. Be2 Rd8 38. Kc3 Rf5 39. h4 Rc5+ 40. Kb3
Bd5+ 41. c4 bxc4+ 42. Bxc4 Rxc4 43. Rxc4 Rc8 44. Rexe4 Rxc4 45. Rxc4 Kf7 46.
Kc3 Bxc4 47. Kxc4 Ke6 48. Kd4 Kf5 49. Kd3 Kg4 50. Ke4 Kxh4 51. Kf4 Kh5 0-1

[Event "World Open"]
[Site "Philadelphia"]
[Date "2011.07.01"]
[Round "3"]
[White "Tan, Mackinley"]
[Black "Sapozhnikov, Roman"]
[Result "0-1"]
[WhiteElo "2064"]
[BlackElo "2318"]
[PlyCount "66"]
[EventDate "2011.06.??"]
[EventType "swiss"]
[EventRounds "9"]
[EventCountry "USA"]
[Source "MonRoi"]

1. e4 c5 2. Nf3 d6 3. d4 cxd4 4. Nxd4 Nf6 5. Nc3 a6 6. Be3 e5 7. Nb3 Be6 8. f3
Be7 9. Qd2 O-O 10. O-O-O a5 11. Kb1 a4 12. Nc1 a3 13. b3 Nc6 14. N1e2 Nb4 15.
f4 Rc8 16. Rc1 Qc7 17. Nb5 Qa5 18. Ng3 d5 19. fxe5 Nxe4 20. Nxe4 dxe4 21. Nd4
Qxe5 22. Bf4 Qf6 23. c3 Nd5 24. Be3 Nxe3 25. Qxe3 Qe5 26. h4 Bc5 27. Be2 Rfd8
28. Rhd1 Bxd4 29. cxd4 Rxc1+ 30. Kxc1 Qc7+ 31. Kb1 Rc8 32. Qd2 e3 33. Qd3 Bf5
0-1

[Event "World Open"]
[Site "Philadelphia"]
[Date "2011.07.01"]
[Round "3"]
[White "Hess, Peter"]
[Black "Lapshun, Yury"]
[Result "1/2-1/2"]
[WhiteElo "1948"]
[BlackElo "2442"]
[PlyCount "113"]
[EventDate "2011.06.??"]
[EventType "swiss"]
[EventRounds "9"]
[EventCountry "USA"]
[Source "MonRoi"]

1. e4 e6 2. d4 d5 3. Nd2 Nf6 4. Bd3 Be7 5. Ngf3 O-O 6. O-O b6 7. c3 c5 8. e5
Nfd7 9. Re1 Ba6 10. Bb1 Nc6 11. a3 Rc8 12. Nf1 Bxf1 13. Rxf1 a5 14. Qd3 g6 15.
Bh6 Re8 16. g3 f6 17. exf6 Bxf6 18. h4 e5 19. dxe5 Ndxe5 20. Nxe5 Nxe5 21. Qd1
Bxh4 22. Ba2 c4 23. Be3 Bf6 24. Bb1 b5 25. Bd4 Qd7 26. Kg2 Rf8 27. b4 Nf3 28.
Bxf6 Rxf6 29. Be4 Ne5 30. Qxd5+ Qxd5 31. Bxd5+ Nf7 32. bxa5 Rc5 33. Rfd1 Ra6
34. Bxf7+ Kxf7 35. a4 Rxa5 36. axb5 Rcxb5 37. Rxa5 Rxa5 38. Rd4 Rc5 39. Rd7+
Kg8 40. Kf3 Rf5+ 41. Ke3 Re5+ 42. Kd4 Re2 43. Kxc4 Rxf2 44. Rd3 g5 45. Kd5 Kf7
46. c4 Ke7 47. Kc6 h5 48. c5 Rc2 49. Rd5 Kf6 50. Kd6 h4 51. gxh4 gxh4 52. c6 h3
53. c7 h2 54. Rh5 Rd2+ 55. Kc6 Rc2+ 56. Kd7 Rd2+ 57. Kc6 1/2-1/2

[Event "World Open"]
[Site "Philadelphia"]
[Date "2011.07.01"]
[Round "3"]
[White "Liu, Bingjie"]
[Black "Thaler, Michael"]
[Result "0-1"]
[WhiteElo "2032"]
[BlackElo "2244"]
[PlyCount "44"]
[EventDate "2011.06.??"]
[EventType "swiss"]
[EventRounds "9"]
[EventCountry "USA"]
[Source "MonRoi"]

1. e4 c5 2. Nf3 e6 3. d4 cxd4 4. Nxd4 a6 5. Bd3 Nf6 6. e5 Qa5+ 7. Nc3 Qxe5+ 8.
Be3 d5 9. O-O Qc7 10. Qf3 e5 11. Rfe1 Be7 12. Nf5 Bxf5 13. Qxf5 d4 14. Bxd4
exd4 15. Rxe7+ Kxe7 16. Re1+ Kf8 17. Nd5 Nxd5 18. Qxd5 Nc6 19. Qc5+ Kg8 20. Bc4
g6 21. h4 Qa5 22. Bxf7+ Kg7 0-1

[Event "World Open"]
[Site "Philadelphia"]
[Date "2011.07.02"]
[Round "4"]
[White "Gareev, Timur"]
[Black "Holt, Conrad"]
[Result "1-0"]
[WhiteElo "2613"]
[BlackElo "2417"]
[PlyCount "130"]
[EventDate "2011.06.??"]
[EventType "swiss"]
[EventRounds "9"]
[EventCountry "USA"]
[Source "MonRoi"]

1. d4 d5 2. c4 c6 3. Nf3 Nf6 4. e3 Bg4 5. Nc3 e6 6. Qb3 Qb6 7. Nh4 Bh5 8. h3 g5
9. Nf3 h6 10. Ne5 Nfd7 11. Nd3 Bg6 12. Bd2 Na6 13. Na4 Qxb3 14. axb3 Be7 15.
Rc1 O-O 16. Be2 Rac8 17. O-O Rfd8 18. Rfd1 Kf8 19. Be1 Kg8 20. Kf1 Kf8 21. Ra1
Ra8 22. Rdc1 Rdc8 23. g4 Kg7 24. Kg2 Kg8 25. Nc3 Bf6 26. Ra5 Bd8 27. Ra4 Nc7
28. Rca1 a6 29. R4a2 Be7 30. f3 h5 31. Bg3 hxg4 32. hxg4 Ne8 33. c5 Rd8 34. b4
Rac8 35. Nc1 Bc2 36. b5 cxb5 37. b4 Bg6 38. Nb3 Nb8 39. Na5 b6 40. Bxb8 bxa5
41. Ba7 axb4 42. Nd1 Rc6 43. Bb6 Nc7 44. Nf2 e5 45. Bxc7 Rxc7 46. Rxa6 Bxc5 47.
dxc5 b3 48. Rxg6+ fxg6 49. Ra3 Rxc5 50. Rxb3 Rc2 51. Bd1 Rd2 52. Rxb5 e4 53.
Kf1 exf3 54. Bxf3 d4 55. e4 Rf8 56. Kg2 Rc2 57. Rd5 Rc3 58. Bd1 Rb8 59. Rxd4
Rb2 60. Kf1 Re3 61. Rd5 Kf7 62. Rxg5 Rd2 63. Rb5 Ke7 64. Rb6 Rd6 65. Rb2 Rd4
1-0

[Event "World Open"]
[Site "Philadelphia"]
[Date "2011.07.02"]
[Round "4"]
[White "Bartell, Thomas"]
[Black "Gelashvili, Tamaz"]
[Result "1-0"]
[WhiteElo "2352"]
[BlackElo "2616"]
[PlyCount "117"]
[EventDate "2011.06.??"]
[EventType "swiss"]
[EventRounds "9"]
[EventCountry "USA"]
[Source "MonRoi"]

1. c4 e6 2. Nf3 Nf6 3. g3 a6 4. Bg2 b5 5. b3 c5 6. Nc3 Qb6 7. e4 Bb7 8. e5 Ne4
9. O-O Nxc3 10. dxc3 d6 11. Bf4 dxe5 12. Nxe5 Bxg2 13. Kxg2 Qb7+ 14. Kg1 Be7
15. Qg4 O-O 16. Rad1 Bf6 17. Rfe1 Ra7 18. h4 Qc8 19. h5 Nc6 20. h6 Kh8 21. Nxc6
Qxc6 22. Rd6 Qb7 23. Be5 Bxe5 24. Rxe5 gxh6 25. Rxc5 Qe7 26. Qd4+ Kg8 27. cxb5
axb5 28. Rxb5 Rxa2 29. Rd7 Qa3 30. Rd8 Qc1+ 31. Kg2 Ra8 32. Rxf8+ Rxf8 33. Qe3
Qxe3 34. fxe3 Rd8 35. Kf3 Kg7 36. Rc5 f5 37. b4 Rd2 38. g4 Kf6 39. b5 Rb2 40.
c4 h5 41. gxf5 exf5 42. e4 fxe4+ 43. Kxe4 Kg6 44. Kf4 h4 45. Kg4 Kf6 46. Kxh4
Ke6 47. Kg4 Kd6 48. Rc6+ Kd7 49. Kf5 Re2 50. Rh6 Rc2 51. Rxh7+ Kc8 52. Rh4 Kc7
53. Ke5 Kb6 54. Kd4 Rd2+ 55. Kc3 Rd1 56. Rh6+ Kb7 57. Kb4 Rg1 58. Rh7+ Kb8 59.
c5 1-0

[Event "World Open"]
[Site "Philadelphia"]
[Date "2011.07.02"]
[Round "4"]
[White "Kacheishvili, Giorgi"]
[Black "Gorman, Dov"]
[Result "1-0"]
[WhiteElo "2582"]
[BlackElo "2323"]
[PlyCount "57"]
[EventDate "2011.06.??"]
[EventType "swiss"]
[EventRounds "9"]
[EventCountry "USA"]
[Source "MonRoi"]

1. d4 d5 2. c4 e6 3. Nc3 c6 4. Nf3 dxc4 5. a4 Bb4 6. e3 b5 7. Bd2 Bb7 8. axb5
Bxc3 9. Bxc3 cxb5 10. b3 a5 11. bxc4 b4 12. Bb2 Nf6 13. Bd3 Ne4 14. O-O O-O 15.
Qc2 f5 16. Ne5 Nd7 17. Nxd7 Qxd7 18. f3 Ng5 19. e4 fxe4 20. fxe4 Rxf1+ 21. Rxf1
a4 22. d5 h6 23. h4 Nh7 24. c5 b3 25. dxe6 Qxe6 26. Qc3 Qg6 27. Bc4+ Kh8 28.
Bf7 Qg4 29. Bh5 1-0

[Event "World Open"]
[Site "Philadelphia"]
[Date "2011.07.02"]
[Round "4"]
[White "Sarkar, Justin"]
[Black "Lenderman, Alex"]
[Result "0-1"]
[WhiteElo "2385"]
[BlackElo "2548"]
[PlyCount "60"]
[EventDate "2011.06.??"]
[EventType "swiss"]
[EventRounds "9"]
[EventCountry "USA"]
[Source "MonRoi"]

1. d4 Nf6 2. c4 e6 3. Nc3 Bb4 4. f3 c5 5. d5 O-O 6. e4 Re8 7. Nge2 d6 8. a3 Ba5
9. Kf2 exd5 10. cxd5 Nbd7 11. g4 Ne5 12. Ng3 c4 13. g5 Nfd7 14. f4 Bxc3 15.
bxc3 Nd3+ 16. Bxd3 cxd3 17. Qxd3 Nc5 18. Qf3 h5 19. Qxh5 Nxe4+ 20. Nxe4 Rxe4
21. g6 fxg6 22. Qxg6 Qe7 23. Kf3 Bh3 24. Bd2 Re2 25. Rhe1 Re8 26. Kg3 Qd7 27.
Rxe2 Rxe2 28. Kf3 Rxd2 29. Re1 Kf8 30. c4 Rxh2 0-1

[Event "World Open"]
[Site "Philadelphia"]
[Date "2011.07.02"]
[Round "4"]
[White "Zapata, Alonso"]
[Black "Getz, Alec"]
[Result "1-0"]
[WhiteElo "2477"]
[BlackElo "2292"]
[PlyCount "127"]
[EventDate "2011.06.??"]
[EventType "swiss"]
[EventRounds "9"]
[EventCountry "USA"]
[Source "MonRoi"]

1. e4 d5 2. exd5 Qxd5 3. Nc3 Qa5 4. d4 c6 5. Nf3 Nf6 6. Ne5 Be6 7. Bc4 Nbd7 8.
Bxe6 Nxe5 9. Qe2 Ng6 10. Bb3 e6 11. Bd2 Bb4 12. O-O-O O-O-O 13. Qc4 Bxc3 14.
Qxc3 Qf5 15. f3 h5 16. Qe3 Nd5 17. Qf2 Rd7 18. Rhe1 h4 19. g3 hxg3 20. hxg3 Qh3
21. c4 Nb6 22. Re2 Rhd8 23. Ba5 Qh6+ 24. f4 Rh8 25. Red2 Qh5 26. d5 exd5 27.
cxd5 cxd5 28. Bxb6 axb6 29. Qxb6 Ne7 30. Rc2+ Nc6 31. Rc5 Rhd8 32. Ba4 Rc7 33.
Bxc6 bxc6 34. Rxc6 Rdd7 35. Rc3 Rxc3+ 36. bxc3 Qf3 37. Qa6+ Kd8 38. Qd3 Qf2 39.
Rd2 Qg1+ 40. Rd1 Qf2 41. Rd2 Qg1+ 42. Kc2 Qa7 43. Kb2 Qg1 44. Rd1 Qf2+ 45. Ka1
g6 46. Rb1 Ke7 47. Rf1 Qc5 48. Re1+ Kf6 49. Qe3 Qxe3 50. Rxe3 Kf5 51. a3 Kg4
52. Ka2 Rc7 53. a4 d4 54. cxd4 Rc4 55. a5 Rxd4 56. Ra3 Rd7 57. a6 Ra7 58. Kb2
f5 59. Kc2 Kh3 60. Kd2 Kh2 61. Ke1 Kg1 62. Ra2 Kh1 63. Kf2 Kh2 64. Ra1 1-0

[Event "World Open"]
[Site "Philadelphia"]
[Date "2011.07.02"]
[Round "4"]
[White "Young, Gregory"]
[Black "Molner, Mackenzie"]
[Result "0-1"]
[WhiteElo "2327"]
[BlackElo "2464"]
[PlyCount "104"]
[EventDate "2011.06.??"]
[EventType "swiss"]
[EventRounds "9"]
[EventCountry "USA"]
[Source "MonRoi"]

1. e4 c5 2. Nf3 d6 3. d4 cxd4 4. Nxd4 Nf6 5. Nc3 a6 6. Bc4 e6 7. Bb3 b5 8. O-O
Be7 9. Qf3 Qb6 10. Be3 Qb7 11. Qg3 b4 12. Na4 Nbd7 13. f3 O-O 14. Rfd1 Ne5 15.
c3 Bd7 16. cxb4 Qxb4 17. Nc2 Qb7 18. Nb6 Rab8 19. Bd4 Bc6 20. Ne3 a5 21. Rac1
Bb5 22. Nec4 Qa6 23. Bxe5 dxe5 24. Na4 Rfc8 25. Nd2 Nd7 26. Rxc8+ Rxc8 27. Nb1
Nc5 28. Nbc3 Be8 29. Qxe5 Nd3 30. Qg3 Bd6 31. f4 Nxf4 32. Qe3 Ng6 33. g3 Be5
34. Kg2 Bc6 35. h4 h5 36. Kh3 Nf8 37. Qf3 g6 38. Rf1 Qa7 39. g4 hxg4+ 40. Qxg4
Rd8 41. Qe2 Nh7 42. Bd1 Nf6 43. Qe1 Rd3+ 44. Rf3 Qd4 45. Qf1 Rxf3+ 46. Qxf3
Nxe4 47. Nxe4 Bxe4 48. Qe2 Bf5+ 49. Kg2 Qf4 50. Qf2 Qh2+ 51. Kf3 Bg4+ 52. Ke3
Bd4+ 0-1

[Event "World Open"]
[Site "Philadelphia"]
[Date "2011.07.02"]
[Round "4"]
[White "Sapozhnikov, Roman"]
[Black "Kekelidze, Mikheil"]
[Result "0-1"]
[WhiteElo "2318"]
[BlackElo "2452"]
[PlyCount "64"]
[EventDate "2011.06.??"]
[EventType "swiss"]
[EventRounds "9"]
[EventCountry "USA"]
[Source "MonRoi"]

1. e4 c5 2. Nf3 e6 3. d4 cxd4 4. Nxd4 a6 5. Bd3 Qb6 6. Nb3 Qc7 7. O-O Nf6 8. f4
d6 9. a4 b6 10. Nc3 Bb7 11. Be3 Nbd7 12. Qe2 g6 13. Nd2 Bg7 14. Nf3 O-O 15. Ng5
Nc5 16. Bd2 Rfe8 17. Rae1 Nfd7 18. Qd1 h6 19. Nh3 f5 20. Nf2 d5 21. e5 d4 22.
Nce4 fxe4 23. Nxe4 Nxd3 24. cxd3 Nc5 25. Nd6 Rf8 26. Bb4 Bd5 27. Qg4 Nxd3 28.
Qxg6 Nxb4 29. f5 exf5 30. Rxf5 Qe7 31. Ref1 Rxf5 32. Nxf5 Qg5 0-1